<The> marketing of nations <a> strategic approach to building national wealth

Guardado en:
Detalles Bibliográficos
Autor principal: Kotler, Philip
Otros Autores: Jatusripitak, Somkid, Maesincee, Suvit
Formato: Libro
Lenguaje:inglés
Publicado: New York <The> Free Press 1997
Materias:
Etiquetas: Agregar Etiqueta
Sin Etiquetas, Sea el primero en etiquetar este registro!

MARC

LEADER 00000nam a2200000 4500
001 0222802
005 20231215115036.3
020 |a 0-684-83488-X 
041 0 |a eng 
044 |a US 
245 1 0 |a <The> marketing of nations  |b <a> strategic approach to building national wealth  |c Philip Kotler, Somkid Jatusripitak, Suvit Maesincee 
264 1 |a New York  |b <The> Free Press  |c 1997 
300 |a xi, 451 s. 
610 2 0 |a marketing 
610 2 0 |a národ 
610 2 0 |a rozvoj hospodársky 
610 2 0 |a politika hospodárska 
610 2 0 |a politika priemyselná 
610 2 0 |a politika verejná 
610 2 0 |a politika investičná 
610 2 0 |a klaster 
610 2 0 |a politika obchodná 
610 2 0 |a infraštruktúra 
100 1 |a Kotler, Philip 
700 1 |a Jatusripitak, Somkid 
700 1 |a Maesincee, Suvit